000 00547nam a2200169Ia 4500
008 090711s9999 xx 000 0 und d
082 _b1657
100 _aभोगले प्रभाकर
245 _aमालवणी खाजा
260 _bवसंतश्री प्रकाशन
_c2001
300 _a120
600 _aभोगले प्रभाकर
630 _aमालवणी खाजा
700 _aभोगले प्रभाकर
730 _aमालवणी खाजा
942 _cBOOK
999 _c338691
_d338688